Quizzes
Events
Quiz Creation
Community
Videos
Private Events
Remove Ads
Sign In
Join for FREE
Feedback
Dark Mode
Quiz Categories
Sports
Geography
Music
Movies
Television
Just For Fun
Miscellaneous
History
Literature
Language
Science
Gaming
Entertainment
Religion
Holiday
For Kids
Quiz Lab
Recent
Popular Today
Quiz Kudos Today
Editor Picks
Curator Picks
Quizzes by...
Day
Popularity
Type
Ratings
Length
Year
Community
Subscriptions
Recent Discussions
Orange Saloon
Badges
Playlists
Quests
Create
Leaderboards
Showdown
Live 5
Trivia Bingo
Activity
Puzzle Library
Sporcle Events
Private Events
Virtual Trivia
Globe League
Become a Host
Pub Owners
SporcleCon
Opinionation
Our Games
Videos
Blog
Mobile Apps
Partnerships
Remove Ads and Go Orange
Feedback
Music
Pop Music
The Beatles
Song
Album
Lyrics
Bands
Singers
Artist
Clip
Rock
Rap
Classical
Billboard
Country Music
Kpop
Taylor Swift
Music
Pop Music
The Beatles
Song
Album
Lyrics
Bands
Singers
Artist
Clip
Rock
Rap
Classical
Billboard
Country Music
Kpop
Taylor Swift
Random Quiz
Search Sporcle
×
Quiz Lab
Quiz Lab
Music
Song
Type in answers that appear in a list
Type in answers that appear in a list
Classic
Best Score? Go Orange.
Top 100 Pop Songs of 2010 Stats
Can you name the Top 100 Songs of 2010?
By
Lissa2009
18m
100 Questions
213 Plays
213 Plays
213 Plays
Comments
Comments
Give Quiz Kudos
Give Quiz Kudos
-
- Ratings
hide this ad
Replay
Link that replays current quiz
Next Quiz
Link to next quiz in quiz playlist
You Got
0%
They Got
Avg Score
21%
Avg Friend Score
Upgrade to see
Score Distribution
Jump to the score distribution portion of the page
Score
0/100
Timer
18:00
0
Plays Today
Artist
Song
% Correct
Eminem ft. Rihanna
Love The Way You Lie
72.5%
Katy Perry
Firework
58.3%
Justin Bieber ft. Ludacris
Baby
58.3%
Lady Antebellum
Need You Now
55.5%
Rihanna ft. Drake
What's My Name?
54.5%
B.o.B. ft. Haley Williams and Eminem
Airplanes
53.1%
Katy Perry ft Snoop Dog
California Girls
51.7%
Bruno Mars
Grenade
49.3%
Bruno Mars
Just The Way You Are
49.3%
B.o.B. ft. Bruno Mars
Nothin' On You
47.4%
Katy Perry
Teenage Dream
44.5%
Far East Movement ft.the Cataracs and Dev
Like a G6
43.1%
Neon Trees
Animal
41.7%
Travie McCoy ft. Bruno Mars
Billionaire
39.8%
La Roux
Bulletproof
39.8%
Pink
Raise Your Glass
37.9%
Nelly
Just A Dream
35.5%
Mike Posner
Cooler Than Me
35.1%
Taylor Swift
Mine
33.6%
Christina Perri
Jar of Hearts
32.2%
Diddy Dirty Money ft. Skylar Grey
Coming Home
31.8%
Taio Cruz
Dynamite
31.8%
Enrique Iglesias ft. Pitbull
I Like It
31.8%
Usher ft. will.i.am
OMG
30.8%
Wiz Khalifa
Black and Yellow
29.9%
Florance and the Machine
Dog Days Are Over
29.4%
Nicki Minaj
Your Love
28.9%
B.o.B ft. Rivers Cuomo
Magic
28%
Ke$ha
We R Who We R
27.5%
Rihanna
Only Girl
27.5%
Rihanna
Rude Boy
25.1%
Willow Smith
Whip My Hair
24.6%
Jason Derulo
In My Head
24.6%
Eminem
Not Afraid
24.6%
Artist
Song
% Correct
Taylor Swift
Back To December
23.7%
Maroon 5
Misery
23.7%
Ke$ha
Your Love Is My Drug
23.2%
The Script
Breakeven
23.2%
Enrique Iglesias ft. Ludacris and DJ Frank E
Tonight
23.2%
Lady Gaga
Alejandro
22.7%
Michael Buble
Haven't Met You Yet
22.3%
Young Money ft Lloyd
Bedrock
21.8%
Taio Cruz ft. Ludacris
Break Your Heart
21.3%
Selena Gomez and the Scene
Naturally
20.9%
Trey Songz ft. Nicki Minaj
Bottoms Up
20.4%
Kanye West ft. Pusha T
Runaway
19.9%
30H!3 ft. Ke$ha
My First Kiss
19.4%
Chris Brown
Yeah 3X
19%
Black Eyed Peas
Imma Be
18.5%
Flo Rida ft. David Guetta
Club Can't Handle Me
18.5%
Edward Maya and Vika Jigulina
Stereo Love
18%
Jay-
Z ft. Mr. Hudson
Young Forever
16.6%
Cee Lo Green
F**k You
16.1%
Iyaz
Solo
15.6%
OneRebublic
Secrets
15.2%
Selena Gomez and the Scene
A Year Without Rain
14.7%
Adam Lambert
If I Had You
13.7%
Duck Sauce
Barbra Streisand
13.7%
Paramore
The Only Exception
13.7%
Mumford and Sons
Little Lion Man
13.7%
Justin Bieber
Somebody To Love
13.3%
Black Eyed Peas
The Time
13.3%
Ke$ha
Take It Off
13.3%
Michael Jackson ft. Akon
Hold My Hand
12.8%
will.i.am and Nicki Minaj
Check It Out
12.8%
Timbaland Ft. Katy Perry
If We Ever Meet Again
12.3%
The Ready Set
Love Like Woe
12.3%
Mike Posner
Please Don't Go
12.3%
Artist
Song
% Correct
Selena Gomez and the Scene
Round and Round
11.4%
Drake
Find Your Love
11.4%
Yolanda Be Cool and DCUP
We No Speak Americano
10.9%
Jay Sean ft. Nicki Minaj
2012
10.9%
Jesse McCartney
Shake
10.4%
Robyn
Dancing On My Own
9%
Shontelle
Impossible
9%
Talyor Swift
Today Was a Fairytale
8.1%
Train
If It's Love
8.1%
Kanye West ft. Dwele
Power
7.6%
Sean Kingston ft. Nicki Minaj
Letting Go
7.1%
Usher ft. Pitbull
DJ Got Us Fallin' In Love Again
7.1%
K'Naan
Wavin' Flag
7.1%
Miranda Cosgrove
Kissin' U
6.6%
Shakira ft. Freshlyground
Waka Waka
6.2%
Drake
Over
5.7%
Goldfrapp
Rocket
5.7%
Matisyahu
One Day
5.7%
Kyle Minogue
All the Lovers
5.7%
We The Kings ft. Demi Lovato
We'll Be a Dream
5.2%
Nickelback
This Afternoon
3.3%
Kelis
Acapella
3.3%
Sara Bareilles
Kind Of Anything
3.3%
Linkin Park
The Catalyst
2.8%
Alicia Keys
Un-Thinkable
2.4%
Kelly Clarkson
All I Ever Wanted
1.4%
Sade
Solider Of Love
1.4%
Coldplay
Christmas Lights
1.4%
Sean Kingston and Justin Bieber
Eeenie Meenie
0.9%
Mariah Carrey
Oh Santa!
0.5%
Matt and Kim
Cameras
0.5%
Robyn
Indestructible
0%
Quiz Playlist
Details
Report
Send in Message
Add To Playlist
Classic:
Type in answers that appear in a list
Last Updated: Feb 16, 2017
Quiz Scoreboard
CHALLENGE
Sign Up to Join the Scoreboard
Show All
Scores
Hide
Comments
May contain spoilers
Recently Published
NBA Finals Game Top Scorers (2010s)
by flibbidy
Sports
5m
Guess the 'R' Things in 3 Words
by MSUKent
Miscellaneous
3m
Actor to Badly Drawn Movie III
by MoMosMoProblems
Movies
5m
More to Explore
Quiz From the Vault
Featured Blog Post
Where Does Lost Luggage Go?
hide this ad
You Might Also Like...
Tags
Artist Quiz
Pop Music Quiz
Song Quiz
100
150
2010
Top 150
Today's Top Quizzes in Music
Browse Music
hide this ad
Today's Top Quizzes in Song
Browse Song
Top Contributed Quizzes in Music
1
Taylor Swift All Songs (2024)
2
Image Sorting: Rock Albums II
3
Image Sorting: Rock Albums III
4
Image Sorting: Rock Albums IV
5
Image Sorting: Rock Albums V
6
Image Sorting: Rock Albums VI
7
Adjectives in 80s Songs
8
Taylor Swift Logic Puzzle
9
Image Sorting: Album Titles
10
Nickname Match: Musicians
Explore More
Trending Topics
Kpop
Anime
NBA
Harry Potter
Marvel
Crossword
Disney
The Office
Soccer
Country
Puzzle
Song
WWE
Pokémon
NFL
hide this ad
More By:
Lissa2009
Quiz
Plays
Rating
Category
Featured
Created
Orignial Disney Characters In 1 Minute
4,988
2.44
Entertainment
Oct 12, 2009
Nickoloden T.V. Shows
227
Television
Jan 5, 2011
Top 100 Pop Songs of 2010
213
1.00
Music
May 14, 2011
Go to Creator's Profile
Score Distribution
Quiz Creator Spotlight
Lissa2009
Follow
Send a Message
Quizzes Created
-
Created Quiz Play Count
-
More By This Creator
Popular Quizzes Today
1
Find the US States - No Outlines Minefield
2
Find the US States
3
The Countries of the World
4
10 Largest US States in Order
5
Find the Countries of Europe - No Outlines Minefield
6
US States
7
Guess the 'R' Things in 3 Words
8
NBA Finals Game Top Scorers (2010s)
More Music Quizzes
Figure out the lyrics CCR 3
Curator's Pick
Trending Quizzes
First Name TV: Leading Men
Match the Book to the Film II
First Name TV: Leading Women Drama
3-Word Movies in 1 Word II
Match the Book to the Film VI
Recently Updated
Women's Final Four Teams by Year
bhenderson79
Presidents Quartet II
eogle
Anything But Clue(do)
eogle
Anything But Oceanian Capitals
eogle
Anything But 7
eogle
Anything But Thing
eogle
Word Ladder: February 29
pecheneg
Song Title Questions
pecheneg
Women's NCAA Tournament #1 Seeds
pecheneg
Celebrity Mug Shots
pecheneg
Trending Topics
Crossword
Marvel
Anime
Harry Potter
Disney
NBA
Kpop
Country
NFL
The Office
Song
WWE
Puzzle
Soccer
Pokémon
Your Account Isn't Verified!
In order to create a playlist on Sporcle, you need to verify the email address you used during registration. Go to your
Sporcle Settings
to finish the process.
Report this User
Report this user for behavior that violates our
Community Guidelines
.
Details:
Send Report
Go to the Sporcle.com Mobile Site →
Comments